000 00765nam a2200205Ii 4500
003 JO-AjNU
008 230605s9999||||xx |||||||||||||| ||und||
040 _aJO-AjNU
_bara
_erda
_cJO-AjNU
041 _aara
050 1 4 _aB821.S1512.2005
100 3 _aسعيد،إدوارد ، طرابلسي،فواز/ترجمة,
_eauthor
_915676
245 0 0 _aالأنسنية والنقد الديموقراطي
250 _aط1
264 3 1 _aبيروت:دار الآداب للنشر والتوزيع ، 2005
300 _a167ص
336 _atext
_btxt
_2rdacontent
337 _aunmediated
_bn
_2rdamedia
338 _avolume
_bnc
_2rdacarrier
650 4 _aالانسانية -- جوانب اجتماعية -- الولايات المتحدة الأميريكية
_915677
999 _aA4482
_c8050
_d8050